| 000 | 01563nam0a2200337 4500 | ||
|---|---|---|---|
| 001 | RU\NLR\bibl\59070 | ||
| 005 | 20260407050604.0 | ||
| 010 |
_a5-7029-0225-4 _91000 |
||
| 021 |
_aRU _b98-45622 _92191 |
||
| 035 | _a(NLR Aleph) 000057602 | ||
| 090 |
_a312168 _c312168 |
||
| 100 | _a19991117d1998 |||y0rusy50 ca | ||
| 101 | 0 | _arus | |
| 102 | _aRU | ||
| 105 | _aac ||||||||| | ||
| 200 | 1 |
_aКак молния в ночи... _eК. Герд. Жизнь. Творчество. Эпоха _fСоюз писателей Удм. респ., Ком. по делам нац. при правительстве Удм. респ. _g[Сост. и лит. обраб. З.А. Богомоловой] |
|
| 210 |
_aИжевск _cИзд-во Удм. ун-та _d1998 |
||
| 215 |
_a751 с., [23] л. _cил., портр. _d22 |
||
| 300 | _aЧасть текста на англ. яз. | ||
| 320 | _aБиблиогр. в подстроч. примеч. | ||
| 600 | 1 |
_aГерд _bК. _f1898 - 1937 _gКузебай _91407881 _3RU\NLR\auth\66281036 |
|
| 686 | _aШ5(2=У)7-4Герд | ||
| 702 | 1 |
_4570 _8rus _7ca _aГерд _bК. _f1898-1937 _gКузебай _3RU\NLR\auth\778930 _9118809 |
|
| 702 | 1 |
_4220 _8rus _7ca _aБогомолова _bЗ. А. _f1923-2012 _gЗоя Алексеевна _3RU\NLR\auth\77120683 _9103608 |
|
| 712 | 0 | 2 |
_4570 _aСоюз писателей Удмуртской Республики _3RU\NLR\AUTH\8810019638 _9537177 |
| 801 | 0 |
_aRU _bNLR _c19991117 _gPSBO |
|
| 801 | 1 |
_aRU _bNLR _c19991117 |
|
| 852 |
_aNLR _j99-5/3627 |
||
| 942 | _cBOOK | ||
| 980 | _aNB | ||